Slovenský CR od januára do konca septembra 2001

Štatistické údaje o cestovnom ruchu SR za 1.- 3. štvrťrok 2001/2000 - zahraniční návštevníci v ubytovacích zariadeniach SR, devízové príjmy a výdaje, hraničná štatistika, vycestovanie občanov SR, počet turistov celkom, počet ubytovacích zariadení, počet izieb celokom, počet lôžok celkom.

Enregistré dans:
Détails bibliographiques
Auteur principal: Machurková, Marta
Format: Chapitre de livre
Langue:slovaque
Sujets:
Tags: Ajouter un tag
Pas de tags, Soyez le premier à ajouter un tag!

MARC

LEADER 00000naa a2200000 4500
001 r044548
005 20230426123809.2
041 0 |a slo 
044 |a SK 
245 1 0 |a Slovenský CR od januára do konca septembra 2001  |c Marta Machurková 
520 |a Štatistické údaje o cestovnom ruchu SR za 1.- 3. štvrťrok 2001/2000 - zahraniční návštevníci v ubytovacích zariadeniach SR, devízové príjmy a výdaje, hraničná štatistika, vycestovanie občanov SR, počet turistov celkom, počet ubytovacích zariadení, počet izieb celokom, počet lôžok celkom. 
610 2 0 |a ruch cestovný 
610 2 0 |a ruch cestovný dlhodobý 
610 2 0 |a ruch cestovný domáci 
610 2 0 |a ruch cestovný zahraničný 
610 2 0 |a ukazovatele štatistické 
610 2 0 |a dovolenka 
610 2 0 |a podnikatelia 
610 2 0 |a turistika 
610 2 0 |a zariadenia ubytovacie 
610 2 0 |a príjmy 
610 2 0 |a výdavky 
610 2 0 |a Slovensko 
100 1 |a Machurková, Marta